000 01089nam a22003737a 4500
001 0011815
003 DO-SdBNP
005 20180213152703.0
007 0011815
008 161123b 1996 sp a |||| 00| 0 spa d
016 _a
_z
017 _a
_b
020 _a843481756X
035 _a
040 _aBPMSU
_bspa
_cBPMSU
_e
041 1 _aspa
_h
080 _a
082 _axxxxxxxx
_bxxxxxxxx
100 1 _aVan Leeuwen, Jean
240 1 0 _aGreat rescue operation
_lespañol
245 1 0 _aOperación rescate /
_cJean Van Leeuwen ; traducción de Fidel Castellanos ; ilustraciones, Jesús Gabán
_h
250 _a12a. ed.
260 _aMadrid :
_bSM,
_c1996.
300 _a121 p. :
_bil. ;
_c19 cm
490 0 _aEl Barco de vapor
_v35
500 _aTraducción de: The great rescue operation
700 1 _aCastellanos, Fidel,
_etr.
700 1 _aGabán, Jesús,
_eil.
830 _aEl Barco de vapor
_v35
942 _2ddc
_cBK
945 _aInventariado, 2018 / YL
956 _aVMATEO
_210
_320160408
_6BPMSU
_80069
956 _aBTAVÁREZ
_210
_320161123
_60011815
999 _c12065
_d12065